An innovator's tale : A new perspectives for accelerating creative breakthroughs

The book teaches new techniques, new ways of thinking and evolving, and ways of overcoming the fear of change that destroys even the strongest companies. An Innovator's Tale will show you how to embrace and conquer change and turn a company into a paragon of innovative thinking. It goes beyond...

पूर्ण विवरण

में बचाया:
ग्रंथसूची विवरण
मुख्य लेखक: Hickman, Craig R.
स्वरूप: पुस्तक
भाषा:Undetermined
प्रकाशित: New York Wiley 2002
विषय:
टैग : टैग जोड़ें
कोई टैग नहीं, इस रिकॉर्ड को टैग करने वाले पहले व्यक्ति बनें!
Thư viện lưu trữ: Trung tâm Học liệu Trường Đại học Cần Thơ
LEADER 01182nam a2200229Ia 4500
001 CTU_137634
008 210402s9999 xx 000 0 und d
020 |c 24.95 
082 |a 658.4063 
082 |b H628 
100 |a Hickman, Craig R. 
245 3 |a An innovator's tale : 
245 2 |b A new perspectives for accelerating creative breakthroughs 
245 0 |c Craig Hickman 
260 |a New York 
260 |b Wiley 
260 |c 2002 
520 |a The book teaches new techniques, new ways of thinking and evolving, and ways of overcoming the fear of change that destroys even the strongest companies. An Innovator's Tale will show you how to embrace and conquer change and turn a company into a paragon of innovative thinking. It goes beyond " thinking outside the box" and embraces new ways of imagining products and concepts. It offers the tools to reinvent a company through creativity, making it healthy and strong for the twenty-first century. 
650 |a Business intelligence,Executive ability,Trí tuệ kinh doanh,Năng lực quản trị 
650 |x Mẫu chuyện 
904 |i Giang 
980 |a Trung tâm Học liệu Trường Đại học Cần Thơ